Распознавание дефектов с помощью искусственной нейронной сети специального типа; Дефектоскопия; № 2

Detaylı Bibliyografya
Parent link:Дефектоскопия.— , 1965-.— 0130-3082
№ 2.— 2006.— С. 28-39
Yazar: Бархатов В. А.
Dil:Rusça
Baskı/Yayın Bilgisi: 2006
Seri Bilgileri:Акустические методы
Konular:
Materyal Türü: MixedMaterials Kitap Bölümü
KOHA link:https://koha.lib.tpu.ru/cgi-bin/koha/opac-detail.pl?biblionumber=428873

MARC

LEADER 00000naa2a2200000 4500
001 428873
005 20231101074857.0
035 |a (RuTPU)RU\TPU\prd\88505 
035 |a RU\TPU\prd\42660 
090 |a 428873 
100 |a 20101020a2006 k y0rusy50 ca 
101 0 |a rus 
102 |a RU 
200 1 |a Распознавание дефектов с помощью искусственной нейронной сети специального типа  |f В. А. Бархатов 
225 1 |a Акустические методы 
320 |a Библиогр.: 5 назв. 
461 0 |0 (RuTPU)RU\TPU\prd\151  |x 0130-3082  |t Дефектоскопия  |d 1965- 
463 0 |0 (RuTPU)RU\TPU\prd\88501  |t № 2  |v С. 28-39  |d 2006 
610 1 |a дефекты 
610 1 |a распознавание 
610 1 |a искусственные нейронные сети 
610 1 |a неразрушающий контроль 
610 1 |a разделение сигналов 
610 1 |a приборы 
610 1 |a дефектоскопы 
675 |a 620.179.16  |v 3 
700 1 |a Бархатов  |b В. А. 
801 1 |a RU  |b 63413507  |c 20060411  |g PSBO 
801 2 |a RU  |b 63413507  |c 20140123  |g RCR 
942 |c BK